000 01379nam a22003970a 4500
001 PT21226
003 AR-LpoUNG
005 20210131232954.0
008 191001s1985||||ag |||||||||||||||||spa d
020 _a9502302133
_c$1
040 _aAR-LpoUNG
_bspa
_cAR-LpoUNG
_eaacr
041 _aspa
044 _aag
082 0 _a982.065 393ult
100 1 _aVázquez, Enrique
245 1 3 _aLa última :
_borigen, apogeo y caída de la dictadura militar
250 _a1ra ed.
260 _aBuenos Aires :
_bEUDEBA,
_c1985.
300 _a327 p. :
_bfot.
520 _a<p>La última constituye una investigación sistemática y original sobre el régimen militar de los Videla, Galtieri, los Viola, Martinez de Hoz, desde los entretelones de su gestación hasta su estripitosa caída tras la guerra de las Malvinas, pasando por esos años de apogeo en que algunos ideólogos soñadores postulaban una vida de varias décadas para el proceso.</p>
650 4 _aARGENTINA
650 4 _aASPECTOS POLITICOS
650 4 _aCONFLICTOS SOCIALES
650 4 _aDICTADURA
650 4 _aGOBIERNO MILITAR
650 4 _aGOLPES DE ESTADO
650 4 _aPOLITICA
650 4 _aTERRORISMO
650 4 _aVIOLENCIA
653 _aDESAPARECIDOS
653 _aMALVINAS
653 _aPROCESO DE REORGANIZACION NACIONAL
653 _aREPRESION
905 _a21226
942 _cLIB
999 _c18490
_d18490